World Series Trivia - Statistics

General Stats
  • This quiz has been taken 34 times
  • The average score is 11 of 18
Answer Stats
Hint Answer % Correct
Which team has won the most World Series (27)? New York Yankees
96%
What year did the first World Series take place? 1903
85%
Which team has won the second most (11)? St. Louis Cardinals
81%
Which famous slugger was thrown out attempting to steal second base to end the 1926 World Series? Babe Ruth
73%
Which team was accused of losing the 1919 World Series on purpose, resulting in lifetime bans for eight of its players? Chicago White Sox
73%
Which Hall of Fame outfielder earned the nickname "Mr. October" due to his World Series heroics? Reggie Jackson
73%
Which Hall of Fame shortstop similarly earned the nickname "Mr. November"? Derek Jeter
69%
Which Hall of Fame outfielder made a famous over-the-shoulder catch in Game 1 of the 1954 World Series? Willie Mays
69%
What first baseman allowed a ground ball to roll through his legs to end Game 6 of the 1986 World Series? Bill Buckner
65%
Only two MLB franchises have ever won three (or more) World Series championships in a row. One is the Yankees. Who is the other team (1972 - 1974)? Oakland Athletics
65%
Which team is the only franchise based outside of the United States to win a World Series? Toronto Blue Jays
65%
Despite being one of the oldest, continuously operating franchises in MLB, which team didn't win their first World Series championship until 1980? Philadelphia Phillies
62%
As of 2023, which team has gone the longest without winning a World Series, having last won a championship in 1948? Cleveland Guardians
54%
Who threw the only Perfect Game in World Series history? Don Larsen
54%
Who holds the record for most career games (75) played in the World Series? Yogi Berra
54%
Who pitched a 10-inning, complete game shutout to win Game 7 of the 1991 World Series? Jack Morris
38%
Which pitcher holds the World Series record for most strikeouts (17) in a game? Bob Gibson
35%
Who hit the only Game 7, walk-off, World Series-winning home run in MLB history? Bill Mazeroski
31%
No matching quizzes found
Score Distribution
Percent of People with Each Score
Percentile by Number Answered
Your Score History
You have not taken this quiz